Zgadnij celebrytę po zdjęciu #2 - Statystyki

Ogólne statystyki
  • Ten quiz został rozwiązany 72 razy
  • Średni wynik to 9 z 16
Statystyki odpowiedzi
Obrazkowy Odpowiedź % Poprawnych
Emma Watson
98%
Daniel Radcliffe
81%
David Beckham
81%
Snoop Dogg
74%
Steve Jobs
74%
Keanu Reeves
67%
Victoria Beckham
65%
Paris Hilton
61%
Anne Hathaway
53%
George Clooney
51%
Christina Aguilera
47%
Kate Winslet
46%
Drew Barrymore
39%
Keira Knightley
37%
Gwyneth Paltrow
35%
Edward Norton
30%
Nie znaleziono quizów pasujących do podanych kryteriów
Rozkład punktacji
Procent ludzi z każdym wynikiem
Percentyl według liczby udzielonych odpowiedzi
Twoja historia wyników
Nie rozwiązałeś tego quizu